[Event "Muensterland Verbandsklasse-A 1112"]
[Site "Germany"]
[Date "2011.10.08"]
[Round "2.7"]
[White "Rothkegel, Juergen"]
[Black "Meyer, Michael"]
[Result "1-0"]
[WhiteElo "1845"]
[BlackElo "1751"]
[PlyCount "81"]
[EventDate "2011.09.17"]
[EventType "team-tourn"]
[EventRounds "9"]
[EventCountry "GER"]
[SourceTitle "EXT 2013"]
[Source "ChessBase"]
[SourceDate "2012.11.22"]
[SourceVersion "1"]
[SourceVersionDate "2012.11.22"]
[SourceQuality "1"]
[WhiteTeam "Gronau"]
[BlackTeam "Olfen"]
[WhiteTeamCountry "GER"]
[BlackTeamCountry "GER"]

1. e4 e6 2. d4 d5 3. Nc3 Nf6 4. e5 Nfd7 5. f4 c5 6. Nf3 Nc6 7. Be3 Qb6 8. Na4 Qa5+ 9. c3 cxd4 10. b4 Nxb4 11. cxb4 Bxb4+ 12. Bd2 Bxd2+ 13. Nxd2 b5 14. Nb2 Qa3 15. Qb3 Qe7 16. Bxb5 0-0 17. Bxd7 Bxd7 18. Nd3 Rab8 19. Qd1 Qa3 20. Nb3 Rfc8 21. 0-0 Ba4 22. f5 exf5 23. Qf3 Bxb3 24. axb3 Qxb3 25. Qxf5 Rc7 26. Rf3 Qb6 27. Raf1 Qg6 28. Qf4 Qb6 29. Rg3 Rbb7 30. Qg5 g6 31. Qd8+ Kg7 32. Qxd5 Rd7 33. Qe4 Rbc7 34. Rh3 Re7 35. Qf4 h5 36. Qg5 Kf8 37. Rhf3 Ke8 38. Qh6 Qe6 39. Rf6 Qa2 40. Qh8+ Kd7 41. Rd6# 1-0

[Event "Muensterland Verbandsklasse-A 0910"]
[Site "Germany"]
[Date "2010.03.20"]
[Round "8.5"]
[White "Miethe, Christoph"]
[Black "Rothkegel, Juergen"]
[Result "1/2-1/2"]
[WhiteElo "1688"]
[BlackElo "1872"]
[PlyCount "118"]
[EventDate "2009.09.19"]
[EventType "team-tourn"]
[EventRounds "9"]
[EventCountry "GER"]
[SourceTitle "EXT 2011"]
[Source "ChessBase"]
[SourceDate "2010.11.26"]
[SourceVersion "1"]
[SourceVersionDate "2010.11.26"]
[SourceQuality "1"]
[WhiteTeam "Emsdetten Rochade II"]
[BlackTeam "Gronau"]
[WhiteTeamCountry "GER"]
[BlackTeamCountry "GER"]

1. e4 c5 2. c3 d5 3. exd5 Qxd5 4. d4 cxd4 5. cxd4 Nf6 6. Nc3 Qd8 7. Bb5+ Bd7 8. Bxd7+ Nbxd7 9. Nf3 e6 10. 0-0 Nb6 11. h3 Be7 12. a3 0-0 13. Re1 Rc8 14. Qb3 h6 15. Be3 Nfd5 16. Nxd5 Qxd5 17. Qxd5 Nxd5 18. Rac1 Bd6 19. Rxc8 Rxc8 20. Rc1 Rd8 21. Kf1 f6 22. Rc2 Kf7 23. Ke2 g5 24. g3 Ke7 25. Nd2 f5 26. Nc4 f4 27. Nxd6 Kxd6 28. gxf4 gxf4 29. Bc1 Rf8 30. Kf3 Kd7 31. b4 h5 32. Bd2 Rf7 33. Rc1 Rg7 34. Re1 Rf7 35. Re4 a6 36. Re5 Rh7 37. Rg5 Ke7 38. Ke4 Rf7 39. Ke5 Nb6 40. Ke4 Nd5 41. a4 Rh7 42. b5 axb5 43. axb5 b6 44. Bxf4 Nc3+ 45. Kd3 Nd5 46. Be3 Kf6 47. Rg1 Rc7 48. Rc1 Kf5 49. Rxc7 Nxc7 50. Kc4 Ke4 51. h4 Nd5 52. Bg5 Kf3 53. Bd8 Kxf2 54. Kd3 Kf3 55. Bg5 Nf4+ 56. Kc4 Ke4 57. Bxf4 Kxf4 58. d5 Ke5 59. dxe6 Kxe6 1/2-1/2

[Event "Muensterland Verbandsklasse-B 0809"]
[Site "Germany"]
[Date "2008.10.11"]
[Round "2.4"]
[White "Boerger, Andreas"]
[Black "Rothkegel, Juergen"]
[Result "1/2-1/2"]
[WhiteElo "1835"]
[BlackElo "1886"]
[PlyCount "49"]
[EventDate "2008.09.13"]
[EventType "team-tourn"]
[EventRounds "9"]
[EventCountry "GER"]
[SourceTitle "EXT 2010"]
[Source "ChessBase"]
[SourceDate "2010.11.25"]
[SourceVersion "1"]
[SourceVersionDate "2010.11.25"]
[SourceQuality "1"]
[WhiteTeam "Muenster SK IV"]
[BlackTeam "Gronau"]
[WhiteTeamCountry "GER"]
[BlackTeamCountry "GER"]

1. c4 c5 2. Nc3 Nc6 3. g3 g6 4. Bg2 Bg7 5. Nf3 d6 6. d3 Nf6 7. Bd2 0-0 8. 0-0 Rb8 9. Qc1 Re8 10. Rb1 a6 11. a4 b6 12. Na2 Bd7 13. Nc3 Nb4 14. b3 Qc7 15. Ne1 Bc6 16. Nc2 Bxg2 17. Kxg2 Qb7+ 18. Kg1 Nc6 19. b4 cxb4 20. Nxb4 Nd4 21. Nc2 Nxc2 22. Qxc2 Qd7 23. e4 Qh3 24. f3 Nh5 25. Ne2 1/2-1/2

[Event "Muensterland Verbandsklasse-A 0708"]
[Site "Germany"]
[Date "2007.12.15"]
[Round "4.4"]
[White "Rothkegel, Juergen"]
[Black "Schulze Ameling, Hendrik"]
[Result "0-1"]
[WhiteElo "1889"]
[BlackElo "1992"]
[PlyCount "62"]
[EventDate "2007.09.22"]
[EventType "team"]
[EventRounds "9"]
[EventCountry "GER"]
[SourceTitle "EXT 2009"]
[Source "ChessBase"]
[SourceDate "2008.11.26"]
[SourceVersion "1"]
[SourceVersionDate "2008.11.26"]
[SourceQuality "1"]
[WhiteTeam "Gronau"]
[BlackTeam "Ahaus Wessum"]
[WhiteTeamCountry "GER"]
[BlackTeamCountry "GER"]

1. e4 e6 2. d4 d5 3. Nc3 Nf6 4. e5 Nfd7 5. f4 c5 6. Nf3 Nc6 7. Be3 Qb6 8. Na4 Qa5+ 9. c3 cxd4 10. b4 Nxb4 11. cxb4 Bxb4+ 12. Bd2 Bxd2+ 13. Nxd2 b6 14. Kf2 0-0 15. Nf3 Nc5 16. Nxc5 bxc5 17. Be2 Bd7 18. Qd3 a6 19. a4 f6 20. Rhb1 Be8 21. Rb7 Bg6 22. Qa3 fxe5 23. fxe5 Rac8 24. Kg1 h6 25. Bd3 Be4 26. Bxe4 dxe4 27. Nxd4 cxd4 28. Qg3 Rc7 29. Rab1 Rfc8 30. Qg6 Rc1+ 31. Kf2 Qe1# 0-1